Especialidades eléctricas : lectura de planos-código, teoría-instalaciones.

Bibliographic Details
Main Authors: Paul, C.R., Nasar, S
Format: Section = Libro
Language:Undetermined
Spanish
Published: México Diana 1971
Subjects:
LEADER 00639nam a2200229Ia 4500
008 240829s9999 xx 000 0 und d
020 |a 968-13-0768-2 
040 |a BIBLIOTECA-RUSB/ 621.3 M959 
041 |a spa 
082 |a 621.3 M959 
100 1 |a Paul, C.R.  
100 1 |b  Nasar, S 
245 1 0 |a Especialidades eléctricas : lectura de planos-código, teoría-instalaciones. 
260 |a México  |b Diana  |c 1971 
300 |a 288 p. :il. 
650 7 |a INGENIERIA ELECTRONICA 
650 7 |b  DISPOSITIVOS ELECTRONICOS 
650 7 |c  CIRCUITOS ELECTRONICOS 
650 7 |d  AMPLIFICADORES 
942 |c BK  |2 ddc 
991 |a TEXTO 
999 |c 2920